Music Quiz

Random Music or Artist Quiz

Recent Music Lyrics Quiz Stats

 Plays Quiz not verified by Sporcle

Score 0/23 Timer 10:00
0 Plays Today
Lyrics Finish the Lyrics... % Correct
Want you to make me feel like...I'm the only girl in the world
69%
Just gonna stand there are watch me burn, well that's alright...because I like the way it hurts
65.5%
Can we pretend that airplanes...in the night sky are like shooting stars?
63.6%
I was thinkin about her, thinkin about me. Thinkin about us, what we gonna be? Open my eyes, yeah...it was only just a dream
61.7%
You just gotta ignite the light, and let it shine, just own the night...like the fourth of July
60.9%
Now I'm feelin so fly...like a G6
58.2%
Cause when the roof caved in and the truth came out...I just didn't know what to do
57.1%
I waited this whole life, for this one night, It's gon' be me, you and...the dancefloor
39.5%
Tell Mommy I'm sorry, this life is a...party
33%
You only get one shot so make it count, you might never...get this moment again
31.8%
I should've left my phone at home, 'cause this is a disaster, callin' like a collector...sorry, I cannot answer
30.7%
You know I know how, to make 'em stop and stare as I zone out...the club can't even handle me right now
29.9%
Lyrics Finish the Lyrics... % Correct
Drinking old cheap bottles of wine...sit talking, up all night
26.1%
I guess he's an xbox and...I'm more atari
22.6%
No one man should have all that power, the clock’s tickin’...I just count the hours
16.1%
Friends tell me I am crazy, that I'm wasting time with you, you'll never be mine...just be good to me
11.5%
Promise this if I die before I wake oh, promise this take a timeto say your grace
7.3%
Coz driving won't do it, flying won't do it, denying won't do it...crying won't drown it out
7.3%
Take me, I'm alive, never was a girl with a wicked mind, but everything looks better, when the sun goes down
5.7%
The way that this is going you are gonna get me sprung, coz your love is...sweet like candy and I want me some
5.4%
Electrify my body, and you’re makin’ me feel like I’m so electric, everything you do is makin' me....blow, blow, blow
4.2%
Bottles poppin' til we can't stand...we keep it rockin' til 6am
3.8%
People put you hands up in the air...I know you like it
1.9%

You're not logged in!

Compare scores with friends on all Sporcle quizzes.
OR
Log In

Show Comments

Extras

Top Quizzes Today


Score Distribution

Your Account Isn't Verified!

In order to create a playlist on Sporcle, you need to verify the email address you used during registration. Go to your Sporcle Settings to finish the process.

Report this User

Report this user for behavior that violates our Community Guidelines.

Details: